26th annual meeting National mastitis council
محفوظ في:
| التنسيق: | كتاب |
|---|---|
| اللغة: | Undetermined |
| منشور في: |
Florida
Annual meeting
1987
|
| الموضوعات: | |
| الوسوم: |
إضافة وسم
لا توجد وسوم, كن أول من يضع وسما على هذه التسجيلة!
|
| Thư viện lưu trữ: | Trung tâm Học liệu Trường Đại học Cần Thơ |
|---|
| LEADER | 00432nam a2200157Ia 4500 | ||
|---|---|---|---|
| 001 | CTU_126214 | ||
| 008 | 210402s9999 xx 000 0 und d | ||
| 082 | |a 636.089819 | ||
| 082 | |b N277 | ||
| 245 | 0 | |a 26th annual meeting National mastitis council | |
| 260 | |a Florida | ||
| 260 | |b Annual meeting | ||
| 260 | |c 1987 | ||
| 650 | |a Veterinary medicine | ||
| 904 | |i Nguyên | ||
| 980 | |a Trung tâm Học liệu Trường Đại học Cần Thơ | ||